000 00311nam a22001457a 4500
003 SGT
020 _a9781473608795
082 _a791.43
_bBUC
100 _aBUCKLAND WARREN
245 _aFILM STUDIES AN INTRODUCTION
260 _a U K
_c2015
_bOXFORD PUB
300 _a220
650 _aBJMC
942 _2ddc
_cBK
999 _c32131
_d32131